01396nam a2200253Ia 4500003000400000005001700004008004100021020001800062040002100080041000800101082002100109100003900130245012700169260006300296300006500359490006600424504002800490505024900518520026300767650002801030650002201058650003401080700002801114OSt20200429113700.0191128s2007 ck a gr 000 0dspa d a9789588025919 aCO-JMCRcCO-JMCR0 aspa04a304.66 / bN852e1 aNúñez Méndez, Jairo, eautor10aEfectos demográficos sobre el bienestar de las madres y sus hijos en Colombia /cJairo Núñez Méndez y Laura Cuesta aBogotá : bDepartamento Nacional de Planeación, c2007 a103 páginas : bilustraciones en blanco y negro ; c28 cm.0 aEstrategia para la reducción de la pobreza y la desigualdad aIncluye bibliografía. aAntecedentes -- Aproximación metodológica -- El riesgo de ser madre adolescente y las políticas en salud sexual y reproductiva -- Recomendaciones de política : ¿Qué hacer para reducir la fecundidad adolescente, el tamaño del hogar? aEste estudio analiza el vínculo entre los resultados demográficos y la pobreza en Colombia. Se busca responder a estas preguntas: ¡Cuál es el efecto de la fecundidad adolescente en la educación, la participación laboral, y la estructura del hogar.14aDemografía zColombia24aPobrezazColombia24aMadres adolescenteszColombia1 aCuesta, Laura, dautora